|
|
|
|
| LEADER |
00000cam a22000004a 4500 |
| 001 |
musev2_33601 |
| 003 |
MdBmJHUP |
| 005 |
20230905043535.0 |
| 006 |
m o d |
| 007 |
cr||||||||nn|n |
| 008 |
740628t19741974nju o 00 0 eng d |
| 020 |
|
|
|a 9781400854424
|
| 020 |
|
|
|z 9780691641171
|
| 020 |
|
|
|z 9780691003597
|
| 020 |
|
|
|z 9780691613352
|
| 020 |
|
|
|z 9780691042046
|
| 035 |
|
|
|a (OCoLC)646157509
|
| 040 |
|
|
|a MdBmJHUP
|c MdBmJHUP
|
| 100 |
1 |
|
|a Moran, Theodore H.,
|d 1943-
|e author.
|
| 245 |
1 |
0 |
|a Multinational Corporations and the Politics of Dependence :
|b Copper in Chile /
|c Theodore H. Moran.
|
| 264 |
|
1 |
|a Princeton, New Jersey :
|b Princeton University Press,
|c [1974]
|
| 264 |
|
3 |
|a Baltimore, Md. :
|b Project MUSE,
|c 2015
|
| 264 |
|
4 |
|c ©[1974]
|
| 300 |
|
|
|a 1 online resource (300 pages):
|b illustrations
|
| 336 |
|
|
|a text
|b txt
|2 rdacontent
|
| 337 |
|
|
|a computer
|b c
|2 rdamedia
|
| 338 |
|
|
|a online resource
|b cr
|2 rdacarrier
|
| 490 |
0 |
|
|a Center for International Affairs, Harvard University
|
| 505 |
0 |
|
|a Cover ; Contents; Statistical Appendix.
|
| 588 |
|
|
|a Description based on print version record.
|
| 650 |
|
7 |
|a International business enterprises.
|2 fast
|0 (OCoLC)fst00976774
|
| 650 |
|
7 |
|a Copper industry and trade.
|2 fast
|0 (OCoLC)fst00878472
|
| 650 |
|
7 |
|a BUSINESS & ECONOMICS
|x International
|x General.
|2 bisacsh
|
| 650 |
|
7 |
|a BUSINESS & ECONOMICS
|x Industries
|x General.
|2 bisacsh
|
| 650 |
|
6 |
|a Cuivre
|x Industrie
|z Chili.
|
| 650 |
|
6 |
|a Entreprises multinationales
|v Études de cas.
|
| 650 |
|
0 |
|a Copper industry and trade
|z Chile.
|
| 650 |
|
0 |
|a International business enterprises
|v Case studies.
|
| 651 |
|
7 |
|a Chile.
|2 fast
|0 (OCoLC)fst01205362
|
| 655 |
|
7 |
|a Case studies.
|2 fast
|0 (OCoLC)fst01423765
|
| 655 |
|
7 |
|a Electronic books.
|2 local
|
| 710 |
2 |
|
|a Project Muse.
|e distributor
|
| 830 |
|
0 |
|a Book collections on Project MUSE.
|
| 856 |
4 |
0 |
|z Texto completo
|u https://projectmuse.uam.elogim.com/book/33601/
|
| 945 |
|
|
|a Project MUSE - Custom Collection
|
| 945 |
|
|
|a Project MUSE - Archive Complete Supplement III
|
| 945 |
|
|
|a Project MUSE - Archive Latin American and Caribbean Studies Supplement II
|
| 945 |
|
|
|a Project MUSE - Archive Political Science and Policy Studies Supplement III
|